000
00226nam a22000977a 4500
082
_a
604.2 REA'D
245
_a
THE READING OF TECHNICAL DRAWINGS
260
_a
MELBOURNE
_b
MCCARRON BIRD PITY
_c
1958
300
_a
80P
942
_c
BK
999
_c
568229
_d
568229